<?xml version="1.0" encoding="UTF-8"?><?xml-stylesheet type="text/xsl" href="static/style.xsl"?><OAI-PMH xmlns="http://www.openarchives.org/OAI/2.0/" xmlns:xsi="http://www.w3.org/2001/XMLSchema-instance" xsi:schemaLocation="http://www.openarchives.org/OAI/2.0/ http://www.openarchives.org/OAI/2.0/OAI-PMH.xsd"><responseDate>2026-04-14T02:52:23Z</responseDate><request verb="GetRecord" identifier="oai:www.recercat.cat:2445/126210" metadataPrefix="marc">https://recercat.cat/oai/request</request><GetRecord><record><header><identifier>oai:recercat.cat:2445/126210</identifier><datestamp>2025-12-05T14:28:33Z</datestamp><setSpec>com_2072_1057</setSpec><setSpec>col_2072_478917</setSpec><setSpec>col_2072_478923</setSpec></header><metadata><record xmlns="http://www.loc.gov/MARC21/slim" xmlns:dcterms="http://purl.org/dc/terms/" xmlns:xsi="http://www.w3.org/2001/XMLSchema-instance" xmlns:doc="http://www.lyncode.com/xoai" xsi:schemaLocation="http://www.loc.gov/MARC21/slim http://www.loc.gov/standards/marcxml/schema/MARC21slim.xsd">
   <leader>00925njm 22002777a 4500</leader>
   <datafield ind2=" " ind1=" " tag="042">
      <subfield code="a">dc</subfield>
   </datafield>
   <datafield ind2=" " ind1=" " tag="720">
      <subfield code="a">Proenza Fernández, Joaquín Antonio</subfield>
      <subfield code="e">author</subfield>
   </datafield>
   <datafield ind2=" " ind1=" " tag="720">
      <subfield code="a">Gervilla Linares, Fernando</subfield>
      <subfield code="e">author</subfield>
   </datafield>
   <datafield ind2=" " ind1=" " tag="720">
      <subfield code="a">Melgarejo i Draper, Joan-Carles</subfield>
      <subfield code="e">author</subfield>
   </datafield>
   <datafield ind2=" " ind1=" " tag="260">
      <subfield code="c">2018-11-19T12:03:35Z</subfield>
   </datafield>
   <datafield ind2=" " ind1=" " tag="260">
      <subfield code="c">2018-11-19T12:03:35Z</subfield>
   </datafield>
   <datafield ind2=" " ind1=" " tag="260">
      <subfield code="c">2002</subfield>
   </datafield>
   <datafield ind2=" " ind1=" " tag="260">
      <subfield code="c">2018-11-19T12:03:35Z</subfield>
   </datafield>
   <datafield ind2=" " ind1=" " tag="520">
      <subfield code="a">En la parte oriental de la isla de Cuba aflora la denominada Faja Ofiolítica MayaríBaracoa (FOMB), la cual alberga abundantes depósitos de cromita. Esta faja incluye tres distritos mineros, con una marcada zonación composicional de oeste a este: El distrito de Mayarí (contiene cromitas ricas en Cr), el distrito de Sagua de Tánamo (contiene cromitas ricas en Cr y cromitas ricas en Al), y el distrito de Moa-Baracoa (contiene cromitas ricas en Al). En el distrito de Mayarí las cromititas encajan en harzburgitas y dunitas representativas de sectores mantélicos relativamente profundos y están cortadas por diques de piroxenitas. La cromita presenta altos contenidos en Cr (Cr# = O. 70-0.80), similares a los de la cromita accesoria en las dunitas (0.70-0.74), pero mayores que los de la cromita accesoria en las harzburgitas (0.56-0.69). La cromitita muestra contenidos relativamente altos de EGP (hasta 227 ppb). En el distrito de Sagua de Tánamo, los depósitos de cromita encajan en dunitas y harzburgitas que contienen anfíboles. Algunas cromititas incluyen lentes concordantes y/o discordantes de gabro-hornblenda. El #Cr de la cromita varía entre 0.46 y O. 72, y el contenido total de EGP entre 19 y 539 ppb, existiendo una perfecta correlación entre ambos parámetros. En las cromititas con #Cr � 0.6, él #Cr aumenta progresivamente desde la cromita accesoria en las harzburgitas encajantes, a la accesoria en las dunitas, hasta la cromita del cuerpo de cromitita. Por el contrario, en las cromititas con #Cr � 0.6, él #Cr de la cromita muestra una tendencia de variación opuesta. En el distrito de Moa-Baracoa los depósitos de cromita se localizan en la zona de transición entre el manto y la corteza, frecuentemente contienen cuerpos tabulares de gabros paralelos al eje mayor de los pods de cromitita y están cortados por diques de gabros y pegmatoides gabroicos. La cromita es rica en Al (#Cr = 0.41 -0.54) y pobre EGP (I.EGP = 20- 1 14 ppb).</subfield>
   </datafield>
   <datafield tag="653" ind2=" " ind1=" ">
      <subfield code="a">Mineralogia</subfield>
   </datafield>
   <datafield tag="653" ind2=" " ind1=" ">
      <subfield code="a">Jaciments minerals</subfield>
   </datafield>
   <datafield tag="653" ind2=" " ind1=" ">
      <subfield code="a">Geoquímica</subfield>
   </datafield>
   <datafield tag="653" ind2=" " ind1=" ">
      <subfield code="a">Cuba</subfield>
   </datafield>
   <datafield tag="653" ind2=" " ind1=" ">
      <subfield code="a">Mineralogy</subfield>
   </datafield>
   <datafield tag="653" ind2=" " ind1=" ">
      <subfield code="a">Mineral deposits</subfield>
   </datafield>
   <datafield tag="653" ind2=" " ind1=" ">
      <subfield code="a">Geochemistry</subfield>
   </datafield>
   <datafield tag="653" ind2=" " ind1=" ">
      <subfield code="a">Cuba</subfield>
   </datafield>
   <datafield ind2="0" ind1="0" tag="245">
      <subfield code="a">Los depósitos de cromita en complejos ofiolíticos: discusion de un modelo de formación a partir de las particularidades de las cromititas de Cuba Oriental.</subfield>
   </datafield>
</record></metadata></record></GetRecord></OAI-PMH>